000 00387nam a2200157Ia 4500
008 230711s9999||||xx |||||||||||||| ||und||
041 _aENG
082 _a619
_bMI-P
100 _aMichael Hatton
245 0 _aPresentation skills workshop manual
250 _a1st
260 _c1996
_aNew Delhi
_bISTE Learing Material
300 _a51
650 _aMechanical Engineering
942 _cBK
999 _c3469
_d3469